Normal view
MARC view
- Supervisor:Dr.Adeel Yusuf
Entry Personal Name
001 - CONTROL NUMBER
- control field: 124418
003 - CONTROL NUMBER IDENTIFIER
- control field: NUST
005 - DATE AND TIME OF LATEST TRANSACTION
- control field: 20240711115928.0
008 - FIXED-LENGTH DATA ELEMENTS
- fixed length control field: 240711|| aca||aabn | a|a d
040 ## - CATALOGING SOURCE
- Original cataloging agency: NUST
- Transcribing agency: NUST
100 ## - HEADING--PERSONAL NAME
- Personal name: Supervisor:Dr.Adeel Yusuf
670 ## - SOURCE DATA FOUND
- Source citation: Work cat.: (NUST)610287: Farhi Lubna 25949, Segmentation and classification of brain tumor MR images through advance machine learning methods/
